000 00321nam a2200133Ia 4500
008 230818s1997 xx 000 0 und d
041 _aeng
100 _aLewis
245 _aBonsal a care manual
260 _bChancellor press pub.
_c1997
300 _a128p
520 _aReference Copy
999 _c852374
_d852374
650 _aHotel Housekeeping